000 00629nam a2200229Ia 4500
003 OSt
005 20220918203233.0
006 a|||||r|||| 00| 0
007 ta
008 220917b |||||||| |||| 00| 0 eng d
024 _a106,941
037 _cTextual
040 _aARTS
_cARTS
_beng
041 _2eng
_aeng
082 _aV3:91.N64, K5
100 _aDeakin Nicholas ed
_9107488
245 0 _aColour and the British electrorate 1964 case studies
260 _aLondon
_bpall Mall Press
_c1965
650 _aHISTORY
942 _hV3:91.N64, K5
_cTEXL
_2CC
999 _c230299
_d230299